000 00704nam a22002057a 4500
003 OSt
005 20260123070321.0
008 260123b |||||||| |||| 00| 0 eng d
020 _a0-495-00643-2.
040 _aDWC-Main lib.
_cOC
082 _22nd ed.
_aCirc. 659.2 D573p 2007
100 _aDiggs-Brown, Barbara
245 _aThe PR styleguide :
_bformats for public relations practice/
_cBarbara Diggs-Brown
260 _aBelmont, CA :
_bThomson/Wadsworth,
_cc2007.
300 _axii, 251 p. :
_billustration ;
_c23 cm.
504 _aIncludes bibliographical references and index.
650 _a1. Public relations-Guidebooks.
760 _b2nd ed.
942 _2ddc
_cBK-CIRC
_e2nd ed.
_hCirc.
_n0
999 _c7754
_d7754